000 00480nam a2200181Ia 4500
003 GCL
008 140319s9999 xx 000 0 eng d
040 _aGCL /
_cGCL
082 0 4 _a004.67
_bC I
100 1 _aCRUMLISH, CHRISTIAN
245 1 0 _aTHE INTERNET FOR BUSY PEOPLE /
_cCRUMLISH, CHRISTIAN
260 _a[S.N] :
_bMC GRAW - HILL ،
_c1996
300 _a275 P
650 0 4 _aشعر الحرب
650 0 4 _aINFORMATION
650 0 4 _aINFORMATION SYSTEMS
942 _2ddc
_cBK
999 _c13288
_d13288